000 00416nam a2200145 i 4500
001 65413
003 ES-MaACL
007 t|
008 040113s1970 ag ||||1| spa d
100 1 _aFresán, Juan.
_952528
245 1 0 _aBioautobiografía de Jorge Luis Borges /
_cpor Juan Fresán.
260 _a[Buenos Aires] :
_bSiglo XXI,
_c[1970]
300 _a72 p. :
_bil. ;
_c22 cm.
852 _aES-MaACL
_jE-8577
_bR.93088
999 _c65413
_d65413